00516nam a2200157 a 450000100100000000500170001000800410002702000150006804000250008324500770010826000320018530000210021750400270023870000290026571000640029400003438520200930073654.0111004s2006 es 000 0 spa d a9586711021 aDO-SdBNPbspacBNPHU00aEl espacio iberoamericano del libro /cedición Calos Sánchez Lozano. aEspaña :bCERLALC,c2006. a253 p. ;c25 cm. aBibliografía 251-2531 aSánchez Lozano, Carlos1 aCentro Regional para el Fomento del Libro en America Latina